000 00869nam a2200229Ia 4500
001 9981
003 GE_BSU
008 181216s||||||||xx |||||||||||||| ||und||
040 _cGE_BSU
080 _a821.353.1–13
100 _aრუსთაველი,შოთა
245 _aვეფხის ტყაოსანი
245 _bპოემა
245 _cრედ.ს.იორდანიშვილი.სარედ.კოლ.ი.აბულაძე და სხვ.ილ.მიხაი ზიჩი
260 _aთბილისი
260 _bსახელგამი
260 _c1937
300 _a405გვ.25ჩართ.ფ.ილ.25სმ.
520 _aლექსიკონის შემდგ.იუსტინე აბულაძე
653 _aვეფხისტყაოსანი
942 _cBK
999 _c43254
_d43254